00416nam a2200145Ia 4500100002100000942000700021654001400028245003400042260003400076082001100110300000800121546001200129999001700141952011200158 aVan Horne James  cBK aFinancial aFinancial Management & Policy bprentice hall of india.c2001 a658.15 a720 aENGLISH c29679d29679 001040708AFTaCRCEbCRCEd2023-03-17g29.00i1508l0o658.15 pAFT984r2023-03-17v29.00w2023-03-17yBK